Managing coastal tourism resorts: A global perspective (Record no. 152847)

MARC details
000 -LEADER
fixed length control field 00399nam a2200145Ia 4500
008 - FIXED-LENGTH DATA ELEMENTS--GENERAL INFORMATION
fixed length control field 230917s9999||||xx |||||||||||||| ||und||
040 ## - CATALOGING SOURCE
-- 136897
Original cataloging agency VIVEKANANDA LIBRARY
041 ## - Language
-- English
082 ## - DDC NUMBER
Classification number 647.94068 M312M
100 ## - MAIN ENTRY--PERSONAL NAME
Personal name Aggarwal, Sheela
245 #0 - TITLE STATEMENT
Title Managing coastal tourism resorts: A global perspective
260 ## - PUBLICATION, DISTRIBUTION, ETC. (IMPRINT)
Place of publication, distribution, etc Clevedon
Name of publisher, distributor, etc Channel View Publications
Date of publication, distribution, etc 2007
300 ## - PHYSICAL DESCRIPTION
Pages 326 p.
942 ## - ADDED ENTRY ELEMENTS (KOHA)
Koha item type Books
Holdings
Withdrawn status Lost status Damaged status Not for loan Location (home branch) Sublocation or collection (holding branch) Shelving location Date acquired Koha issues (times borrowed) Koha full call number Accession No. Koha date last seen Koha item type
        VIVEKANANDA LIBRARY VIVEKANANDA LIBRARY IHTM Library 15/02/2010   647.94068 M312M 276741 17/09/2023 Books
© Designed and Maintained by Vivekananda Library, MDU Rohtak